000 00357 a2200109 4500
001 ART_56991
005 20260410161800.0
008 260409a
245 1 0 _aEl nuevo “pago a cuenta” del impuesto a las ganancias [RG (AFIP) 5248]
100 1 _aSchwartzman, Daniel M.
773 0 _tDoctrina tributaria
_g- N° 511 (oct. 2022)
_wREV4296
999 _c20539
_d20539